000 00991nac a22002891u 4500
003 EG-ScBUE
005 20221031120019.0
008 221031s2005 enka f b 001 0 eng d
020 _a0750665270
020 _a9780750665278
040 _aEG-ScBUE
_beng
_erda
_cEG-ScBUE
_dEG-ScBUE
082 0 4 _a721
_bCHA
_222
100 1 _aCharleson, Andrew,
_eauthor.
245 1 0 _aStructure as architecture :
_ba sourcebook for architects and structural engineers /
_cAndrew W. Charleson.
264 _aOxford :
_bArchitectural Press, El-Sevier,
_c2005.
300 _aix, 228 pages :
_billustrations ;
_c25 cm
336 _2rdacontent
_atext
_btxt
337 _2rdamedia
_aunmediated
_bn
338 _2rdacarrier
_avolume
_bnc
504 _aIncludes bibliographical references and index.
650 7 _aStructural design.
_2BUEsh
_934044
650 7 _aArchitectural design.
_2BUEsh
650 7 _aArchitecture
_xAesthetics.
_2BUEsh
653 _bENGARC
655 _vReading book
942 _cBB
_2ddc
999 _c2532
_d2532